Vibraciones en sistemas mecánicos de un grado de libertad / por Jaime Gibert
Descripción Física:
92 p. : fotocòpies del manuscrit ; 30 cm
Materias:
Cinemàtica
MARC
| LEADER | 00000nam a2200000Ia 4500 | ||
|---|---|---|---|
| 001 | 1955 | ||
| 008 | 160829s1985 xx 000 0 cat d | ||
| 080 | |a C-2-145 | ||
| 100 | |a Gibert, Jaume |9 20578 | ||
| 245 | |a Vibraciones en sistemas mecánicos de un grado de libertad / por Jaime Gibert | ||
| 260 | |a Barcelona : |b Escuela Universitaria de Ingenieria Técnica Industrial, |c 1985 | ||
| 300 | |a 92 p. : |b fotocòpies del manuscrit ; |c 30 cm | ||
| 650 | |a Cinemàtica |9 20579 | ||
| 710 | 2 | |a Escola Universitària d'Enginyeria Tècnica Industrial de Barcelona |9 54317 | |
| 901 | |a Arxiu | ||
| 942 | |n 1 | ||
| 952 | |0 0 |1 0 |4 0 |6 C2145 |7 1 |9 41593 |a Arxiu |b Arxiu |d 2016-12-01 |l 0 |o C-2-145 |p 1955 |r 2016-12-01 00:00:00 |w 2016-12-01 |y ARXIU | ||
| 999 | |c 43483 |d 43483 | ||